00630nam a2200205Ia 4500008004100000050001100041050001600052100002500068245010000093245002500193260003100218260001000249260001000259300001500269300002000284300001100304500005600315521002300371650003000394160517s9999 xx 000 0 und d aP 91.3 b.Sa117 2016 aSablan, Michaella P. 3aAn analysis of selected Filipino interfaith couples' communication strategies in Metro Manila / cMichaella P. Sablan. aLas Piñas, Philippines : bSISC, c2016. a52 pages : billustrations ; c28 cm. aIncludes bibliographical references and appendices. aMass Communication aCommunication strategies.